000 01100 a2200241 4500
001 34165
005 20260407155630.0
008 260407a2015 arg spa d
003 AR-UNSa-BCEJYS
040 _aAR-UNSa-BCEJYS
_bspa
_cAR-UNSa-BCEJYS
080 _a371.13
_xFormación de los profesores y educadores
245 1 0 _aFormar y formarse en la enseñanza
020 _a978-950-12-6161-5
250 _a1a ed., 2a. reimp.
264 1 _aBuenos Aires :
_bPaidós
_c2015
300 _a235 p.
_c22 cm.
505 _a1. Enseñanza y prácticas reflexivas - 2. Prácticas reflexivas, profesionalización docente y procesos de formación - 3. El valor de la interdisciplina en el estudio de las prácticas de la enseñanza - 4. Intervención profesional e investigación. Una propuesta de formación - 5. Formar y formarse en el análisis de prácticas de la enseñanza
041 _aspa
942 _cBK
590 _aniveau_biblio:m niveau_hierar:0
100 1 _aEdelstein, Gloria
856 4 1 _uhttps://biblioeco.unsa.edu.ar/pmb/images/libros/formar_y_formarse.jpg
_yImagen de portada
_qimage/jpeg
999 _c2423
_d2423